000
00204 a2200097 4500
001
47147
100
_a
Verney G
245
_a
The Devil's Wind
260
_a
London
_b
Hutchinson
_c
090
_c
30204
_d
30204
942
_a
NUST-CAE
_c
M
_c
22453
999
_c
282220
_d
282220